[Event "Hallstahammar op"]
[Site "Hallstahammar"]
[Date "2001.09.07"]
[Round "1"]
[White "Lindstrand, Ola"]
[Black "Lundin, Jan"]
[Result "0-1"]
[WhiteElo "1602"]
[BlackElo "2080"]
[PlyCount "46"]
[EventDate "2001.??.??"]
[EventType "swiss"]
[EventRounds "7"]
[EventCountry "SWE"]
[SourceTitle "EXT 2006"]
[Source "ChessBase"]
[SourceDate "2005.11.24"]
[SourceVersion "1"]
[SourceVersionDate "2005.11.24"]
[SourceQuality "1"]

1. d4 Nf6 2. c4 c5 3. Nf3 cxd4 4. Nxd4 Nc6 5. Nxc6 bxc6 6. Nc3 g6 7. e4 d6 8. Be2 Bg7 9. 0-0 0-0 10. Be3 Qa5 11. a3 Qc7 12. Qc2 d5 13. cxd5 cxd5 14. exd5 Nxd5 15. Qe4 Nxc3 16. bxc3 Bf5 17. Qf4 Qxf4 18. Bxf4 Bxc3 19. Rac1 Ba5 20. Ba6 Rad8 21. h3 Bd3 22. Rfd1 Bxa6 23. Rxd8 Rxd8 0-1